Inovatívne prístupy k navigácii robotického ramena : dátum obhajoby 16.12.2022, č. vedného odboru 9.2.7

Gespeichert in:
Bibliographische Detailangaben
1. Verfasser: Dobiš, Michal (Verfasst von)
Weitere Verfasser: Duchoň, František (Betreuung Doktorarbeit)
Format: Manuskript Buch
Sprache:Slowakisch
Veröffentlicht: Bratislava : STU v Bratislave FEI, 2022
Schlagworte:
Online-Zugang:https://opac.crzp.sk/?fn=detailBiblioFormChildID20U&sid=BF3D9176E80E1FB67EBC2A51A8E7&seo=CRZP-detail-kniha
Tags: Tag hinzufügen
Keine Tags, Fügen Sie das erste Tag hinzu!

MARC

LEADER 00000ntm a22000003a 4500
001 stuzp71153
003 SK-STU
005 20231106133032.4
007 ta
008 150427s2015----xo-----f-mn---000-0-slo-d
040 |a STU  |b slo 
041 0 |a slo 
044 |a xo 
100 1 |a Dobiš, Michal  |u 031000  |k Z3  |4 aut  |U FEI Fakulta elektrotechniky a informatiky  |T FEI Ústav robotiky a kybernetiky  |X 72487  |U E011  |Y 356  |7 72487 
242 0 1 |a Innovations in the Navigation of the Robotic Arm  |y eng 
245 1 0 |a Inovatívne prístupy k navigácii robotického ramena :  |b dátum obhajoby 16.12.2022, č. vedného odboru 9.2.7 
260 |a Bratislava : 
260 |b STU v Bratislave FEI, 
260 |c 2022 
300 |a 144 s., príl.  |b Autoref. 2022, 28 s. 
500 |a Len v elektronickej podobe 
650 4 |a plánovanie dráh  |2 slo 
650 4 |a plánovanie trajektórií  |2 slo 
650 4 |a robotické ramená  |2 slo 
650 4 |a autonómne prehľadávanie neznáme prostredie, robotické ramená  |2 slo 
650 4 |a Trajectory Planning  |2 eng 
650 4 |a Path Planning  |2 eng 
650 4 |a Robotic Arms  |2 eng 
650 4 |a Exploration of Unknown Environment  |2 eng 
700 1 |a Duchoň, František  |u 031000  |k Z1  |4 ths  |U FEI Fakulta elektrotechniky a informatiky  |T FEI Ústav robotiky a kybernetiky  |X 10329  |U E011  |Y 356  |7 A000010329 
856 4 |u https://opac.crzp.sk/?fn=detailBiblioFormChildID20U&sid=BF3D9176E80E1FB67EBC2A51A8E7&seo=CRZP-detail-kniha